00634nam a2200205 a 4500001001000000003000900010005001700019007001000036008003200046020001800078040002200096082003200118100002400150245006100174260005900235300003500294490002000329650003900349650004000388000044250DO-SdBNP20240208105552.0000044250140611s2023 dr ac 000 0 spa d a9789945241808 aBPMSUbspacBPMSU 4aRD863.44 bF866g 20232221 aFreixas, Verouschka13a El gato pianista y otros cuentos /cVerouschka Freixas. aSanto Domingo :bSantillana Infantil y Juvenil, c2023 a92 p. :bil., retrs. ;c20 cm.0 aNaranja/cuento  4aCuentos infantiles dominicanos 2  4aLliteratura infantil dominicana 2